Loading...
സത്യം പറയുന്ന പെരും നുണയന്മാർ (Sathyam parayunna perum nunayanmar)
| Main Author: | |
|---|---|
| Format: | Printed Book |
| Published: |
Thiruvananthapuram:
Chintha,
2009.
|
| Subjects: |
| LEADER | 00608cam a2200145ua 4500 | ||
|---|---|---|---|
| 999 | |c 24681 |d 24681 | ||
| 020 | |a 9788126203673 | ||
| 082 | |a M302.23 |b ANI/S | ||
| 100 | |a അനിൽകുമാർ,എ.വി (Anilkumar,A.V) | ||
| 245 | 1 | 0 | |a സത്യം പറയുന്ന പെരും നുണയന്മാർ (Sathyam parayunna perum nunayanmar) |
| 260 | |a Thiruvananthapuram: |b Chintha, |c 2009. | ||
| 300 | |a 104p.. | ||
| 650 | 0 | |a Media |a journalism |a editorials | |
| 942 | |c BK | ||
| 952 | |0 0 |1 0 |4 0 |6 M_302_230000000000000_ANI_S |7 0 |9 26259 |a KUCL |c M |d 2014-05-23 |g 70.00 |l 1 |o M302.23 ANI/S |p 25154 |r 2018-12-13 |s 2018-11-09 |y BK | ||